World Currencies by Bank Code #2 - Statistics

General Stats
  • This quiz has been taken 44 times
  • The average score is 21 of 35
Answer Stats
Code Country % Correct
EUR euro
95%
dollar
92%
pound
92%
franc
87%
GBP United Kingdom
87%
CZK Czech Republic
85%
FJD Fiji
85%
INR rupee
85%
INR India
79%
IDR Indonesia
79%
CNY China
77%
CNY yuan
77%
IQD dinar
72%
IQD Iraq
72%
CHF Switzerland
72%
ZAR rand
67%
peso
64%
ZAR South Africa
64%
ARS Argentina
62%
SGD Singapore
59%
CZK koruna
51%
KRW won
51%
CLP Chile
49%
KRW South Korea
49%
BOB Bolivia
46%
IDR rupiah
46%
GTQ Guatemala
41%
SAR Saudi Arabia
36%
BYR Belarus
33%
BYR rouble
33%
GTQ quetzal
31%
SAR riyal
31%
BOB boliviano
26%
BIF Burundi
21%
BSD Bahamas
18%
No matching quizzes found
Score Distribution
Percent of People with Each Score
Percentile by Number Answered
Your Score History
You have not taken this quiz